[Event "Munich Laimer op 2nd"]
[Site "Munich"]
[Date "2023.05.30"]
[Round "8"]
[White "Werner, Denis"]
[Black "Ruecker, Benjamin"]
[Result "1/2-1/2"]
[WhiteElo "2076"]
[BlackElo "2179"]
[PlyCount "35"]
[EventDate "2023.05.26"]
[EventType "swiss"]
[EventRounds "9"]
[EventCountry "GER"]
[SourceTitle "CBM 214 Extra"]
[Source "ChessBase"]
[SourceDate "2023.07.31"]
[SourceVersion "1"]
[SourceVersionDate "2023.07.31"]
[SourceQuality "1"]

1. e4 c5 2. c3 Nf6 3. e5 Nd5 4. d4 cxd4 5. cxd4 d6 6. Nf3 Nc6 7. Bc4 Nb6 8. Bb5 dxe5 9. Nxe5 Bd7 10. Nxd7 Qxd7 11. Nc3 e6 12. 0-0 Rd8 13. Be3 Be7 14. Qg4 0-0 15. Rad1 Kh8 16. d5 exd5 17. Qxd7 Rxd7 18. Bxb6 1/2-1/2

[Event "Mittelfranken Landesliga Sued 2223"]
[Site "Mittelfranken"]
[Date "2023.03.05"]
[Round "7.7"]
[White "Braun, Thomas1111"]
[Black "Werner, Denis"]
[Result "0-1"]
[WhiteElo "2018"]
[BlackElo "2177"]
[PlyCount "106"]
[EventDate "2022.10.09"]
[EventType "team-tourn"]
[EventRounds "9"]
[EventCountry "GER"]
[SourceTitle "EXT 2024"]
[Source "ChessBase"]
[SourceDate "2023.10.10"]
[SourceVersion "1"]
[SourceVersionDate "2023.10.10"]
[SourceQuality "1"]
[WhiteTeam "Bayern Muenchen III"]
[BlackTeam "Garching II"]
[WhiteTeamCountry "GER"]
[BlackTeamCountry "GER"]

1. d4 d5 2. c4 c6 3. Nc3 Nf6 4. e3 a6 5. Qc2 b5 6. b3 Nbd7 7. Nf3 e6 8. Bd3 Bd6 9. Bb2 0-0 10. h3 bxc4 11. bxc4 dxc4 12. Bxc4 c5 13. dxc5 Nxc5 14. 0-0 Bb7 15. Qe2 Rc8 16. Rfd1 Qb6 17. Rab1 Qc6 18. Qf1 Rfd8 19. Rbc1 Bb8 20. Rxd8+ Rxd8 21. Ne2 Nfe4 22. Rd1 Rxd1 23. Qxd1 Qd6 24. Qd4 Qxd4 25. Nexd4 Nd6 26. Be2 Bd5 27. Nb3 Nxb3 28. axb3 a5 29. Bc3 Bc7 30. Nd2 f6 31. f3 Bb6 32. Kf1 Nf5 33. e4 Ne3+ 34. Ke1 Nxg2+ 35. Kd1 Ne3+ 36. Kc1 Bc6 37. Nc4 Nxc4 38. Bxc4 Kf7 39. b4 axb4 40. Bxb4 Bd7 41. Kd2 Kg6 42. Bf8 e5 43. Bf1 Kf7 44. Bd6 Bd4 45. f4 exf4 46. Bxf4 Be5 47. Be3 Kg6 48. Ke1 Kh5 49. Bf2 Kg5 50. Bg2 Kf4 51. Ke2 Bb5+ 52. Kd2 Bc6 53. Kd3 f5 0-1

[Event "Mittelfranken Landesliga Sued 2223"]
[Site "Mittelfranken"]
[Date "2022.12.11"]
[Round "4.7"]
[White "Werner, Denis"]
[Black "Gruenke, Paul"]
[Result "1/2-1/2"]
[WhiteElo "2177"]
[BlackElo "1987"]
[PlyCount "133"]
[EventDate "2022.10.09"]
[EventType "team-tourn"]
[EventRounds "9"]
[EventCountry "GER"]
[SourceTitle "EXT 2024"]
[Source "ChessBase"]
[SourceDate "2023.10.10"]
[SourceVersion "1"]
[SourceVersionDate "2023.10.10"]
[SourceQuality "1"]
[WhiteTeam "Garching II"]
[BlackTeam "Muenchen Zugzwang II"]
[WhiteTeamCountry "GER"]
[BlackTeamCountry "GER"]

1. e4 c5 2. c3 Nf6 3. e5 Nd5 4. d4 cxd4 5. Nf3 Nc6 6. cxd4 d6 7. Bc4 Nb6 8. Bb5 a6 9. Be2 dxe5 10. dxe5 Qxd1+ 11. Bxd1 Nc4 12. Nc3 e6 13. 0-0 N4xe5 14. Nxe5 Nxe5 15. Bf4 Bd6 16. Bg3 Bd7 17. Ne4 Bb8 18. Nc5 Bc6 19. Rc1 Nd7 20. Bxb8 Nxb8 21. Bf3 Bxf3 22. gxf3 Nc6 23. Nxb7 Nd4 24. Kg2 0-0 25. Rfd1 Ne2 26. Rc2 Nf4+ 27. Kg3 g5 28. h4 h6 29. hxg5 hxg5 30. Kg4 Nd5 31. Kxg5 Ra7 32. Nd6 f5 33. Rc8 Rg7+ 34. Kh4 Rxc8 35. Nxc8 Rc7 36. Nd6 Rc2 37. Re1 Nc7 38. Kg5 Kg7 39. b3 Rxf2 40. Nxf5+ Kf7 41. Nh6+ Ke7 42. Nf5+ Kf7 43. Nd4 Rxa2 44. Kf4 Kf6 45. Ke4 Nb5 46. Nxb5 axb5 47. Re3 Rd2 48. Rc3 Rd5 49. f4 Ke7 50. Rc6 Kd7 51. Rb6 Rc5 52. b4 Rc4+ 53. Ke5 Rxb4 54. Rd6+ Ke7 55. Rxe6+ Kf7 56. Rb6 Rb1 57. Rb7+ Kf8 58. Kf6 Ke8 59. f5 b4 60. Rb8+ Kd7 61. Kg7 b3 62. f6 b2 63. f7 Rg1+ 64. Kh6 Rh1+ 65. Kg6 Rg1+ 66. Kh5 Rf1 67. Kg6 1/2-1/2

[Event "Mittelfranken Landesliga Sued 2122"]
[Site "Mittelfranken"]
[Date "2021.11.14"]
[Round "2.2"]
[White "Werner, Denis"]
[Black "Wolf, Armin"]
[Result "1-0"]
[WhiteElo "2098"]
[BlackElo "2073"]
[PlyCount "119"]
[EventDate "2021.10.24"]
[EventType "team-tourn"]
[EventRounds "9"]
[EventCountry "GER"]
[SourceTitle "EXT 2024"]
[Source "ChessBase"]
[SourceDate "2023.10.10"]
[SourceVersion "1"]
[SourceVersionDate "2023.10.10"]
[SourceQuality "1"]
[WhiteTeam "Garching II"]
[BlackTeam "Haunstetten"]
[WhiteTeamCountry "GER"]
[BlackTeamCountry "GER"]

1. e4 d5 2. exd5 Nf6 3. Bb5+ Bd7 4. Be2 Nxd5 5. d4 Bf5 6. Nf3 e6 7. Bd3 Bg4 8. h3 Bh5 9. 0-0 Nc6 10. c3 Be7 11. Nbd2 0-0 12. Nc4 Bf6 13. Re1 Bg6 14. Bxg6 hxg6 15. g3 b5 16. Ne3 Nxe3 17. Bxe3 Ne7 18. Bg5 Nd5 19. Bxf6 gxf6 20. Qd3 Qd7 21. Nd2 Kg7 22. Ne4 Rh8 23. h4 Qc6 24. Qf3 f5 25. Nc5 Nb4 26. Qe2 Nd5 27. a4 b4 28. Qe5+ Kg8 29. c4 Nb6 30. Qf6 Nd7 31. Nxd7 Qxd7 32. d5 Re8 33. Rad1 Qe7 34. Qxe7 Rxe7 35. dxe6 fxe6 36. Re5 Kf7 37. Rb5 e5 38. Rxb4 Kf6 39. c5 g5 40. hxg5+ Kxg5 41. Kg2 e4 42. Rh1 Rxh1 43. Kxh1 e3 44. fxe3 Rxe3 45. Kg2 Re2+ 46. Kf3 Rc2 47. Rb7 Rxc5 48. Rxa7 Rc2 49. Rb7 Rc5 50. Rb5 Rc4 51. a5 Ra4 52. b3 Rd4 53. a6 Rd3+ 54. Ke2 Rd8 55. a7 Ra8 56. Ra5 Kg4 57. Kf2 c6 58. Ra4+ Kg5 59. Kf3 Kf6 60. Kf4 1-0

[Event "Landesliga Sued U20 1819"]
[Site "Bayern"]
[Date "2019.02.09"]
[Round "7.1"]
[White "Weisheit, Erik"]
[Black "Werner, Denis"]
[Result "1-0"]
[WhiteElo "1899"]
[BlackElo "1870"]
[PlyCount "97"]
[EventDate "2018.11.17"]
[EventType "team-tourn"]
[EventRounds "7"]
[EventCountry "GER"]
[SourceTitle "EXT 2022"]
[Source "ChessBase"]
[SourceDate "2021.10.06"]
[SourceVersion "1"]
[SourceVersionDate "2021.10.06"]
[SourceQuality "1"]
[WhiteTeam "Augsburg SF U20 II"]
[BlackTeam "Garching U20"]
[WhiteTeamCountry "GER"]
[BlackTeamCountry "GER"]

1. e4 c5 2. Nf3 Nc6 3. d4 cxd4 4. Nxd4 g6 5. c4 Bg7 6. Be3 Nf6 7. Nc3 Ng4 8. Qxg4 Nxd4 9. Qd1 Ne6 10. Rc1 d6 11. Be2 Bd7 12. 0-0 Bc6 13. Bg4 Bxc3 14. Rxc3 Bxe4 15. Bxe6 fxe6 16. Qd4 0-0 17. Qxe4 Qd7 18. Re1 Rf5 19. Bd4 e5 20. Be3 a6 21. Rb3 Qc6 22. Qd5+ Qxd5 23. cxd5 b5 24. g4 Rff8 25. Rc1 Rfc8 26. Rxc8+ Rxc8 27. Rc3 Rc4 28. Rxc4 bxc4 29. Kg2 Kf7 30. Kf3 e6 31. Ke4 Kf6 32. g5+ Ke7 33. f4 exf4 34. Bxf4 e5 35. Bxe5 dxe5 36. Kxe5 a5 37. Kd4 Kd6 38. Kxc4 a4 39. b4 axb3 40. axb3 Kd7 41. Kc5 Kc7 42. d6+ Kd7 43. Kd5 Kd8 44. Ke6 Ke8 45. d7+ Kd8 46. Kd6 h5 47. gxh6 g5 48. h7 g4 49. h8R# 1-0

[Event "Landesliga Sued U20 1819"]
[Site "Bayern"]
[Date "2018.12.08"]
[Round "3.1"]
[White "Werner, Denis"]
[Black "Joebges, Nico"]
[Result "1-0"]
[WhiteElo "1870"]
[BlackElo "1802"]
[PlyCount "67"]
[EventDate "2018.11.17"]
[EventType "team-tourn"]
[EventRounds "7"]
[EventCountry "GER"]
[SourceTitle "EXT 2022"]
[Source "ChessBase"]
[SourceDate "2021.10.06"]
[SourceVersion "1"]
[SourceVersionDate "2021.10.06"]
[SourceQuality "1"]
[WhiteTeam "Garching U20"]
[BlackTeam "Muenchen Tarrasch U20"]
[WhiteTeamCountry "GER"]
[BlackTeamCountry "GER"]

1. e4 d6 2. d4 g6 3. Nc3 Bg7 4. g3 Nc6 5. Be3 e5 6. dxe5 Nxe5 7. f4 Bg4 8. Nge2 Nc6 9. Bg2 Nge7 10. 0-0 0-0 11. h3 Bd7 12. Qd2 f5 13. Kh2 fxe4 14. Bxe4 Bf5 15. Bf3 Qd7 16. g4 Be6 17. Rad1 Rae8 18. Nd4 Nxd4 19. Bxd4 Bxd4 20. Qxd4 Nc6 21. Qa4 Rf7 22. Kg3 a6 23. Ne4 h6 24. Nc5 Qc8 25. Nxe6 Qxe6 26. Bd5 Qe2 27. Bxf7+ Kxf7 28. Rde1 Re3+ 29. Kh4 Qxe1+ 30. Rxe1 Rxe1 31. Qb3+ Kf8 32. Qxb7 g5+ 33. fxg5 hxg5+ 34. Kxg5 1-0

[Event "Landesliga Sued U20 1819"]
[Site "Bayern"]
[Date "2018.11.17"]
[Round "1.1"]
[White "Werner, Denis"]
[Black "Maillinger, Michael"]
[Result "1-0"]
[WhiteElo "1870"]
[BlackElo "1636"]
[PlyCount "53"]
[EventDate "2018.11.17"]
[EventType "team-tourn"]
[EventRounds "7"]
[EventCountry "GER"]
[SourceTitle "EXT 2022"]
[Source "ChessBase"]
[SourceDate "2021.10.06"]
[SourceVersion "1"]
[SourceVersionDate "2021.10.06"]
[SourceQuality "1"]
[WhiteTeam "Garching U20"]
[BlackTeam "Dorfen PSV U20"]
[WhiteTeamCountry "GER"]
[BlackTeamCountry "GER"]

1. e4 c5 2. c3 d5 3. exd5 Qxd5 4. d4 cxd4 5. cxd4 Nc6 6. Nf3 Bg4 7. Nc3 Qh5 8. Be2 e6 9. h3 Nge7 10. 0-0 Bxf3 11. Bxf3 Qa5 12. Be3 Nd5 13. Nxd5 exd5 14. Qb3 Rd8 15. Qxb7 Qb6 16. Qxb6 axb6 17. Rfe1 Be7 18. Rac1 Nb4 19. Bg5 f6 20. Rc7 Rd7 21. Rc8+ Rd8 22. Bh5+ Kd7 23. Bg4+ Ke8 24. Rc7 Kf8 25. Rexe7 fxg5 26. Rf7+ Kg8 27. Be6 1-0

[Event "Regionalliga Sued-West 1819"]
[Site "Bayern"]
[Date "2018.11.11"]
[Round "2.8"]
[White "Werner, Denis"]
[Black "Karrer, Werner"]
[Result "0-1"]
[WhiteElo "1870"]
[BlackElo "1820"]
[PlyCount "50"]
[EventDate "2018.10.21"]
[EventType "team-tourn"]
[EventRounds "9"]
[EventCountry "GER"]
[SourceTitle "EXT 2022"]
[Source "ChessBase"]
[SourceDate "2021.10.06"]
[SourceVersion "1"]
[SourceVersionDate "2021.10.06"]
[SourceQuality "1"]
[WhiteTeam "Garching III"]
[BlackTeam "Altstadt Roter Turm"]
[WhiteTeamCountry "GER"]
[BlackTeamCountry "GER"]

1. e4 d5 2. exd5 Qxd5 3. Nc3 Qd6 4. d4 Nf6 5. Nf3 a6 6. Bc4 b5 7. Bb3 Bb7 8. 0-0 e6 9. Be3 Nbd7 10. Qe2 Be7 11. Rad1 Nb6 12. Ne5 Nbd5 13. Nxb5 Qb6 14. Nc3 0-0 15. f4 Nxc3 16. bxc3 Qa5 17. c4 Rad8 18. Bd2 Qa3 19. c5 Rxd4 20. Nc4 Rxd2 21. Qxd2 Qxc5+ 22. Kh1 Ne4 23. Qd4 Qh5 24. Ne3 Ng3+ 25. Kg1 Ne2+ 0-1

[Event "Youth District Germany"]
[Site "Wuerzburg"]
[Date "2018.10.06"]
[Round "6.6"]
[White "Werner, Denis"]
[Black "Farokhi, Keyvan"]
[Result "1/2-1/2"]
[WhiteElo "1817"]
[BlackElo "1855"]
[PlyCount "59"]
[EventDate "2018.10.02"]
[EventType "team-swiss"]
[EventRounds "7"]
[EventCountry "GER"]
[SourceTitle "CBM 186 Extra"]
[Source "ChessBase"]
[SourceDate "2018.08.24"]
[SourceVersion "1"]
[SourceVersionDate "2018.08.24"]
[SourceQuality "1"]
[WhiteTeam "Bayern U20"]
[BlackTeam "Schleswig Holstein U20"]
[WhiteTeamCountry "GER"]
[BlackTeamCountry "GER"]

1. e4 e5 2. Nf3 Nc6 3. Nc3 Nf6 4. d4 exd4 5. Nxd4 Bb4 6. Nxc6 bxc6 7. Bd3 d5 8. exd5 cxd5 9. 0-0 0-0 10. Bg5 c6 11. Qf3 Be7 12. h3 Rb8 13. Na4 h6 14. Bf4 Bd6 15. Bxd6 Qxd6 16. b3 Be6 17. Nc3 c5 18. Rad1 d4 19. Ne4 Nxe4 20. Qxe4 f5 21. Qe2 Rbe8 22. Bb5 Re7 23. Rfe1 Rff7 24. Bc4 Bxc4 25. Qxc4 Kf8 26. b4 Rxe1+ 27. Rxe1 Re7 28. Rxe7 Qxe7 29. Kf1 cxb4 30. Qc8+ 1/2-1/2

[Event "GER-ch U12"]
[Site "Willingen"]
[Date "2018.05.23"]
[Round "6"]
[White "Klugstedt, Vincent C"]
[Black "Werner, Denis"]
[Result "0-1"]
[WhiteElo "1689"]
[BlackElo "1772"]
[PlyCount "116"]
[EventDate "2018.05.19"]
[EventType "swiss"]
[EventRounds "11"]
[EventCountry "GER"]
[SourceTitle "CBM 184 Extra"]
[Source "ChessBase"]
[SourceDate "2018.06.28"]
[SourceVersion "1"]
[SourceVersionDate "2018.06.28"]
[SourceQuality "1"]

1. d4 d5 2. c4 c6 3. Nc3 Nf6 4. cxd5 cxd5 5. Bf4 a6 6. Nf3 Nc6 7. e3 Bg4 8. Bd3 e6 9. 0-0 Be7 10. a3 0-0 11. Rc1 Rc8 12. h3 Bxf3 13. Qxf3 b5 14. a4 Nb4 15. Be2 bxa4 16. Nxa4 Ne4 17. Rfd1 Bh4 18. Bg3 Bxg3 19. fxg3 Qg5 20. Nc5 Nxc5 21. dxc5 Qe7 22. Qf4 a5 23. Qd6 Qb7 24. Qb6 Qxb6 25. cxb6 Rb8 26. Rc5 Rxb6 27. Rdc1 g6 28. Rxa5 Nc6 29. Rac5 Rxb2 30. Kf1 Ne7 31. g4 Rfb8 32. Kf2 Ra2 33. Kf1 Rb3 34. R5c3 Rxc3 35. Rxc3 Ra8 36. Rc7 Nc8 37. Rc6 Kf8 38. Bb5 Ra1+ 39. Kf2 Na7 40. Ra6 Rxa6 41. Bxa6 Nc6 42. g5 Ke7 43. Bb5 Kd6 44. Kg3 Kc5 45. Ba4 e5 46. Kf3 Nd8 47. Be8 Kc4 48. Ke2 Kc3 49. h4 d4 50. Bb5 Nb7 51. Bc6 Nd6 52. exd4 exd4 53. Bd5 d3+ 54. Kd1 Nf5 55. Bf3 d2 56. Ke2 Nd4+ 57. Kd1 Nxf3 58. gxf3 Kd3 0-1

[Event "GER-ch U12"]
[Site "Willingen"]
[Date "2018.05.22"]
[Round "5"]
[White "Werner, Denis"]
[Black "Eilenberg, Jonas"]
[Result "0-1"]
[WhiteElo "1772"]
[BlackElo "1925"]
[PlyCount "56"]
[EventDate "2018.05.19"]
[EventType "swiss"]
[EventRounds "11"]
[EventCountry "GER"]
[SourceTitle "CBM 184 Extra"]
[Source "ChessBase"]
[SourceDate "2018.06.28"]
[SourceVersion "1"]
[SourceVersionDate "2018.06.28"]
[SourceQuality "1"]

1. e4 e6 2. Nf3 d5 3. Nc3 Nf6 4. e5 Nfd7 5. d4 c5 6. dxc5 Nxc5 7. Bf4 Nc6 8. Qd2 Be7 9. h4 a6 10. 0-0-0 b5 11. Qe3 Qa5 12. a3 b4 13. axb4 Nxb4 14. Nd2 Bb7 15. Be2 Rc8 16. Ndb1 Ne4 17. Bd3 Bc5 18. Qe2 Nxf2 19. Rhf1 Nxd1 20. Qxd1 d4 21. Bg5 dxc3 22. Nxc3 Nd5 23. Qh5 Rc7 24. Ne4 Qa1+ 25. Kd2 Bb4+ 26. Ke2 Qxb2 27. Nd6+ Bxd6 28. exd6 Qe5+ 0-1

[Event "GER-ch U12"]
[Site "Willingen"]
[Date "2018.05.20"]
[Round "1"]
[White "Werner, Denis"]
[Black "Sinnhoefer, Joshua"]
[Result "1-0"]
[WhiteElo "1772"]
[BlackElo "1523"]
[PlyCount "79"]
[EventDate "2018.05.19"]
[EventType "swiss"]
[EventRounds "11"]
[EventCountry "GER"]
[SourceTitle "CBM 184 Extra"]
[Source "ChessBase"]
[SourceDate "2018.06.28"]
[SourceVersion "1"]
[SourceVersionDate "2018.06.28"]
[SourceQuality "1"]

1. e4 e5 2. Nf3 Nc6 3. Nc3 Nf6 4. d4 exd4 5. Nxd4 Bb4 6. Nxc6 bxc6 7. Bd3 0-0 8. 0-0 Re8 9. Bg5 h6 10. Bh4 g5 11. Bg3 Bxc3 12. bxc3 Nxe4 13. Qh5 Kg7 14. Bxe4 Rxe4 15. f4 Qe7 16. fxg5 hxg5 17. Rae1 d5 18. Rxe4 dxe4 19. Be5+ f6 20. Bxf6+ Qxf6 21. Rxf6 Kxf6 22. Qh6+ Kf5 23. Qxc6 Rb8 24. Qxc7 Rb1+ 25. Kf2 Be6 26. Qc5+ Kf6 27. Qxa7 Rb2 28. Qd4+ Kf7 29. Qxe4 Bxa2 30. c4 Bb1 31. Qf5+ Kg8 32. Qg6+ Kf8 33. Qf6+ Ke8 34. Qxb2 Bxc2 35. Qxc2 Kd8 36. Qh7 g4 37. c5 Kc8 38. c6 g3+ 39. Ke3 gxh2 40. Qd7+ 1-0

[Event "Forchheim op-B 15th"]
[Site "Forchheim"]
[Date "2016.10.02"]
[Round "4"]
[White "Werner, Denis"]
[Black "Uestuen, Engin"]
[Result "0-1"]
[WhiteElo "1595"]
[BlackElo "1795"]
[PlyCount "74"]
[EventDate "2016.10.01"]
[EventType "swiss"]
[EventRounds "5"]
[EventCountry "GER"]
[SourceTitle "EXT 2019"]
[Source "ChessBase"]
[SourceDate "2018.10.10"]
[SourceVersion "1"]
[SourceVersionDate "2018.10.10"]
[SourceQuality "1"]

1. e4 c5 2. Nf3 d6 3. c3 Nf6 4. Be2 Nc6 5. d4 cxd4 6. cxd4 e6 7. Nc3 Be7 8. 0-0 0-0 9. Be3 a6 10. Qd2 b5 11. d5 Ne5 12. Rfd1 Nxf3+ 13. Bxf3 e5 14. Rac1 Ng4 15. Bxg4 Bxg4 16. f3 Bd7 17. Rc2 f5 18. Rdc1 f4 19. Bf2 g5 20. Ne2 Qe8 21. Rc7 Bd8 22. R7c2 h5 23. Qb4 Qg6 24. Kh1 g4 25. b3 Rf7 26. Rg1 Rc8 27. Rxc8 Bxc8 28. Qc3 Bd7 29. Ba7 g3 30. hxg3 fxg3 31. Bb8 Qg5 32. Rc1 Bb6 33. Qc8+ Bxc8 34. Rxc8+ Kg7 35. Ng1 Qe3 36. Nh3 Qe1+ 37. Ng1 Qxg1# 0-1

[Event "Forchheim op-B 15th"]
[Site "Forchheim"]
[Date "2016.10.01"]
[Round "2"]
[White "Werner, Denis"]
[Black "Baumgaertner, Frank"]
[Result "1-0"]
[WhiteElo "1595"]
[BlackElo "1823"]
[PlyCount "111"]
[EventDate "2016.10.01"]
[EventType "swiss"]
[EventRounds "5"]
[EventCountry "GER"]
[SourceTitle "EXT 2019"]
[Source "ChessBase"]
[SourceDate "2018.10.10"]
[SourceVersion "1"]
[SourceVersionDate "2018.10.10"]
[SourceQuality "1"]

1. e4 e5 2. Nf3 Nc6 3. Bb5 Nf6 4. 0-0 d6 5. d4 exd4 6. Nxd4 Bd7 7. Nc3 Be7 8. f4 0-0 9. Nxc6 bxc6 10. Ba4 h6 11. Bd2 Re8 12. Bb3 Bf8 13. Qe2 Qe7 14. Rae1 Be6 15. Ba4 Bd7 16. Qa6 c5 17. e5 dxe5 18. fxe5 Ng4 19. Bb3 Be6 20. Bxe6 Qxe6 21. Qxe6 Rxe6 22. Bf4 c4 23. h3 Bc5+ 24. Kh1 Nf2+ 25. Kh2 Rd8 26. Na4 Bd4 27. c3 Nd3 28. cxd4 Nxe1 29. Rxe1 Rxd4 30. Be3 Rd3 31. Nc5 Rxe5 32. Nxd3 cxd3 33. Bd2 Rd5 34. Re7 Rb5 35. Bc3 Rd5 36. Re1 a5 37. Kg3 a4 38. a3 c5 39. Kf4 c4 40. Ke3 f5 41. Kd2 g6 42. Re6 Rd7 43. Rxg6+ Kh7 44. Rc6 Re7 45. Rxc4 Re2+ 46. Kxd3 Rxg2 47. Rc7+ Kg8 48. Rc5 Rg3+ 49. Kc4 f4 50. Rf5 f3 51. h4 Rh3 52. Kb5 Kh7 53. h5 Rg3 54. Kxa4 Rg4+ 55. b4 Rg3 56. Rf8 1-0

[Event "GER-ch U10"]
[Site "Willingen"]
[Date "2016.05.20"]
[Round "10.10"]
[White "Werner, Denis"]
[Black "Klonov, Jakov"]
[Result "1-0"]
[WhiteElo "1397"]
[BlackElo "1333"]
[PlyCount "125"]
[EventDate "2016.05.15"]
[EventType "swiss"]
[EventRounds "11"]
[EventCountry "GER"]
[SourceTitle "CBM 172 Extra"]
[Source "ChessBase"]
[SourceDate "2016.06.21"]
[SourceVersion "1"]
[SourceVersionDate "2016.06.21"]
[SourceQuality "1"]

1. c4 Nf6 2. Nc3 g6 3. g3 Bg7 4. Bg2 0-0 5. e3 d6 6. Nge2 e5 7. 0-0 Nc6 8. d4 exd4 9. Nxd4 Nxd4 10. exd4 Re8 11. Be3 Rb8 12. Re1 Bf5 13. Qd2 Ng4 14. Bf4 Qd7 15. Ne2 b5 16. cxb5 Rxb5 17. Rac1 Rb6 18. Nc3 Reb8 19. b3 Rc8 20. Nd5 Rbb8 21. Ne7+ Kf8 22. Nxc8 Qxc8 23. Bxd6+ Kg8 24. Rxc7 Qd8 25. Qf4 Rb6 26. Be7 Qe8 27. Rec1 Rb8 28. Bc6 Bh6 29. Qxh6 Nxh6 30. Bxe8 Rxe8 31. Bg5 Kg7 32. Bxh6+ Kxh6 33. Rxa7 Be4 34. Re1 Bc6 35. Rxe8 Bxe8 36. Re7 Bc6 37. Rxf7 Bd5 38. Rd7 Be6 39. Rd6 Bf5 40. d5 Bg4 41. a4 Bf5 42. a5 Bd3 43. a6 Bxa6 44. Rxa6 Kh5 45. Rxg6 Kxg6 46. b4 Kf6 47. b5 Ke7 48. b6 Kd7 49. Kh1 Kc8 50. d6 Kd7 51. b7 Kxd6 52. b8Q+ Ke6 53. Qb5 Kf6 54. Qd5 h5 55. f4 h4 56. Qe5+ Kf7 57. Qd6 Kg7 58. f5 h3 59. Qg6+ Kf8 60. Qh7 Ke8 61. Qc7 Kf8 62. f6 Ke8 63. Qe7# 1-0

[Event "GER-ch U10"]
[Site "Willingen"]
[Date "2016.05.20"]
[Round "9.14"]
[White "Werner, Denis"]
[Black "Sinnhoefer, Joshua"]
[Result "1-0"]
[WhiteElo "1397"]
[BlackElo "1308"]
[PlyCount "75"]
[EventDate "2016.05.15"]
[EventType "swiss"]
[EventRounds "11"]
[EventCountry "GER"]
[SourceTitle "CBM 172 Extra"]
[Source "ChessBase"]
[SourceDate "2016.06.21"]
[SourceVersion "1"]
[SourceVersionDate "2016.06.21"]
[SourceQuality "1"]

1. c4 e5 2. Nc3 Nf6 3. g3 c6 4. Bg2 d5 5. cxd5 cxd5 6. d3 Nc6 7. e3 Be6 8. Nge2 Be7 9. 0-0 0-0 10. d4 e4 11. Nf4 Bd6 12. Nxe6 fxe6 13. Bd2 Nb4 14. f3 exf3 15. Bxf3 a6 16. a3 Nc6 17. Na4 Nd7 18. Bg4 Qe7 19. Bh3 b5 20. Nc3 Rfe8 21. Qg4 Nb6 22. Rae1 Na5 23. e4 Nb3 24. Bg5 Qd7 25. exd5 Qc7 26. dxe6 Nxd4 27. Rf7 Qc5 28. Be3 Be5 29. Bf2 Rxe6 30. Qxe6 Nxe6 31. Bxc5 Nxc5 32. Rxe5 Kxf7 33. Rxc5 Nc4 34. Bg2 Rb8 35. Bd5+ Kg6 36. Bxc4 bxc4 37. Rxc4 Rxb2 38. Rc6+ 1-0

[Event "GER-ch U10"]
[Site "Willingen"]
[Date "2016.05.16"]
[Round "4.8"]
[White "Laux, Dominik"]
[Black "Werner, Denis"]
[Result "1-0"]
[WhiteElo "1615"]
[BlackElo "1397"]
[PlyCount "105"]
[EventDate "2016.05.15"]
[EventType "swiss"]
[EventRounds "11"]
[EventCountry "GER"]
[SourceTitle "CBM 172 Extra"]
[Source "ChessBase"]
[SourceDate "2016.06.21"]
[SourceVersion "1"]
[SourceVersionDate "2016.06.21"]
[SourceQuality "1"]

1. d4 Nf6 2. Nc3 d5 3. Bf4 e6 4. e3 c5 5. Nb5 Na6 6. a4 Be7 7. Nf3 0-0 8. Be2 Bd7 9. Ne5 Bxb5 10. Bxb5 Nc7 11. Be2 cxd4 12. exd4 Bd6 13. h4 h6 14. g4 Nh7 15. Be3 Rc8 16. Bd3 g6 17. Bxh6 Ne8 18. Bxf8 Bxf8 19. Qf3 Qf6 20. Qxf6 Nexf6 21. 0-0-0 Bd6 22. f3 Bxe5 23. dxe5 Nd7 24. f4 Nc5 25. g5 Nxd3+ 26. Rxd3 Rc4 27. Rf1 Rxa4 28. Ra3 Rxa3 29. bxa3 Kf8 30. Kb2 Ke7 31. Kb3 Kd7 32. Kb4 Kc6 33. Rf3 Kd7 34. Rc3 Nf8 35. a4 Kd8 36. Kc5 Kc7 37. Kb5+ Kd7 38. a5 Nh7 39. a6 b6 40. Rh3 Nf8 41. h5 gxh5 42. Rxh5 Ng6 43. Rh7 Ke7 44. Kc6 Nxf4 45. Kb7 Ng6 46. Kxa7 Nxe5 47. Kxb6 Nf3 48. g6 Ng5 49. Rxf7+ Nxf7 50. gxf7 Kxf7 51. a7 Kf6 52. a8Q Ke5 53. Kc5 1-0

[Event "GER-ch U10"]
[Site "Willingen"]
[Date "2016.05.16"]
[Round "3.16"]
[White "Werner, Denis"]
[Black "Amrhein, Dennis"]
[Result "1-0"]
[WhiteElo "1397"]
[BlackElo "1132"]
[PlyCount "113"]
[EventDate "2016.05.15"]
[EventType "swiss"]
[EventRounds "11"]
[EventCountry "GER"]
[SourceTitle "CBM 172 Extra"]
[Source "ChessBase"]
[SourceDate "2016.06.21"]
[SourceVersion "1"]
[SourceVersionDate "2016.06.21"]
[SourceQuality "1"]

1. c4 e6 2. d4 d5 3. Nc3 Nf6 4. cxd5 exd5 5. Bg5 Bb4 6. e3 0-0 7. Bd3 b6 8. Nge2 c5 9. 0-0 Bxc3 10. bxc3 Nc6 11. Qc2 h6 12. Bh4 Qd6 13. Bg3 Qe6 14. Nf4 Qd7 15. Rab1 c4 16. Be2 Ne4 17. Bf3 Qf5 18. Nxd5 Nxg3 19. Qxf5 Nxf5 20. Nc7 Rb8 21. Bxc6 Bb7 22. Bxb7 Rxb7 23. Nd5 Rd8 24. Nf4 g5 25. Ne2 h5 26. Rb5 Ng7 27. Rxg5 f6 28. Rb5 a6 29. Rb4 b5 30. a4 Rdb8 31. Rfb1 Ne6 32. axb5 Rxb5 33. Rxb5 Rxb5 34. Rxb5 axb5 35. Kf1 Kf8 36. Ke1 Ke7 37. Kd2 Kd6 38. Nf4 h4 39. Nxe6 Kxe6 40. Kc2 Kd5 41. f3 Kc6 42. Kb2 Kb6 43. e4 Ka5 44. e5 fxe5 45. dxe5 h3 46. g3 Ka4 47. e6 b4 48. e7 bxc3+ 49. Kxc3 Ka5 50. e8Q Kb6 51. Qe5 Kc6 52. Kxc4 Kd7 53. Qf6 Kc7 54. Kc5 Kd7 55. Qf7+ Kd8 56. Kb6 Kc8 57. Qe8# 1-0